| 000 | 00403nam a2200157Ia 4500 | ||
|---|---|---|---|
| 008 | 221030s9999 xx 000 0 und d | ||
| 020 | _a8121902630 | ||
| 041 | _aEnglish | ||
| 100 | _aSatya Prakash | ||
| 245 | 0 |
_aAdvanced Inorganic Chemistry _cby Satya Prakash, G. D. Tuli |
|
| 260 |
_bS. Chand & Co _aNew Delhi _c1987 |
||
| 300 | _a990 | ||
| 650 | _aChemistry | ||
| 700 | _aG. D. Tuli | ||
| 942 | _cBK | ||
| 999 |
_c15021 _d15021 |
||